Spôsoby integrácie systémov celopodnikového manažmentu rizika a riadenia výkonnosti

Návrh na začlenenie manažmentu rizika do štyroch perspektív. Pridanie piatej perspektívy do BSC-manažment rizika.

Na minha lista:
Detalhes bibliográficos
Autor principal: Dubovická, Lenka
Outros Autores: Varcholová, Tatiana
Formato: Capítulo de Livro
Idioma:eslovaco
Assuntos:
Tags: Adicionar Tag
Sem tags, seja o primeiro a adicionar uma tag!

MARC

LEADER 00000naa a2200000 4500
001 0149769
005 20240502072708.2
041 0 |a slo 
044 |a SK 
245 1 0 |a Spôsoby integrácie systémov celopodnikového manažmentu rizika a riadenia výkonnosti  |c Lenka Dubovická, Tatiana Varcholová 
520 |a Návrh na začlenenie manažmentu rizika do štyroch perspektív. Pridanie piatej perspektívy do BSC-manažment rizika. 
610 2 0 |a riadenie rizík 
610 2 0 |a risk management 
610 2 0 |a metóda BSC 
610 2 0 |a riadenie podnikové 
610 2 0 |a riadenie výkonov 
610 2 0 |a manažment strategický 
610 2 0 |a algoritmy 
100 1 |a Dubovická, Lenka 
700 1 |a Varcholová, Tatiana